Students' history of education in India (1800-1973) (Record no. 1394557)

MARC details
000 -LEADER
fixed length control field 00631nam a2200229Ia 4500
003 - CONTROL NUMBER IDENTIFIER
control field OSt
005 - DATE AND TIME OF LATEST TRANSACTION
control field 20260323122201.0
008 - FIXED-LENGTH DATA ELEMENTS--GENERAL INFORMATION
fixed length control field 260323b |||||||| |||| 00| 0 eng d
020 ## - INTERNATIONAL STANDARD BOOK NUMBER
International Standard Book Number 9781844676507
037 ## - SOURCE OF ACQUISITION
Stock number TextBook
040 ## - CATALOGING SOURCE
Original cataloging agency FEDL
Language of cataloging eng
Transcribing agency FEDL
041 ## - LANGUAGE CODE
Language code of text/sound track or separate title eng
Source of code eng
084 ## - COLON CLASSIFICATION NUMBER
Classification number 370.954, NAI/R
Assigning agency FEDL
100 ## - MAIN ENTRY--PERSONAL NAME
Personal name Naik J P
245 #0 - TITLE STATEMENT
Title Students' history of education in India (1800-1973)
260 ## - PUBLICATION, DISTRIBUTION, ETC.
Place of publication, distribution, etc. Delhi, India
Name of publisher, distributor, etc. Macmillan India Limited
Date of publication, distribution, etc. 1974
300 ## - PHYSICAL DESCRIPTION
Extent xvi,495p.
365 ## - TRADE PRICE
Price type code INR
Price amount 335
700 ## - ADDED ENTRY--PERSONAL NAME
Personal name Nurullah Syed
9 (RLIN) 780534
942 ## - ADDED ENTRY ELEMENTS (KOHA)
Koha item type Textbook
Classification part 370.954, NAI/R
Source of classification or shelving scheme Colon Classification (CC)
Holdings
Withdrawn status Lost status Damaged status Not for loan Home library Current library Date acquired Cost, normal purchase price Total Checkouts Full call number Barcode Date last seen Price effective from Koha item type
        Department of Education Library Department of Education Library 2025-05-08 335.00   370.954, NAI/R EL0088196 2025-05-08 2025-05-08 Textbook
Copyright @ Delhi University Library System